000
00298nam a22001337a 4500
008
181022b xxu||||| |||| 00| 0 eng d
020
_a
9780314023933
041
_a
eng
080
_2
2nd
_a
521
100
_a
42
101
_a
AST
245
_a
In Quest of the Universe
_c
Kuhn,K.F
942
_2
udc
_c
BK
999
_c
50383
_d
50383